Loading...

Epistemology, logic and grammer in the analysis of sentence meaning vol.1

Bibliographic Details
Main Author: Bhatta V P
Format: Printed Book
Published: New Delhi Eastern 1991
Subjects:
LEADER 00601nam a22001691a 4500
020 |a 9788185133492  |c 0.00 
040 |a SSUS - Library - Kalady 
082 |a 121  |b BHA/E 
100 |a Bhatta V P 
245 |a Epistemology, logic and grammer in the analysis of sentence meaning vol.1  |h [Text] 
260 |a New Delhi  |b Eastern  |c 1991 
300 |a 313p. 
600 |a Epistemology 
852 |h 121  |i BHA/E  |p 057050  |9 300.00  |t 0 
942 |c BK 
999 |c 13704  |d 13704 
952 |0 0  |1 0  |4 0  |6 121_000000000000000_BHA_E  |7 0  |9 19670  |a SSUS  |b SSUS  |d 2015-01-08  |g 300.00  |l 5  |o 121 BHA/E  |p 057050  |r 2016-08-17  |s 2016-03-03  |v 0.00  |w 2015-01-08  |y BK